| 000 | 00913cam a2200277 i 4500 | ||
|---|---|---|---|
| 001 | 768714001 | ||
| 003 | CO-MdBIC | ||
| 005 | 20231201081847.0 | ||
| 008 | 231201t1979 sp ||||| |||| 00| 0 spa d | ||
| 020 | _a84-258-0741-4 | ||
| 040 |
_bspa. _aCO-MdFUSB _cCO-MdFUSB _dCO-MdFUSBC _erda |
||
| 041 | 0 | _aspa | |
| 082 | 0 | 4 | _aG 231.73 W4274a |
| 100 | 1 | _aWeiser, Alfons (1934-) | |
| 245 | 1 | 0 |
_aA qué llama milagro la Biblia? : Sobre las narraciones milagrosas de los evangelios / Alfons Weiser ; Julián Aguirre Muñoz de Morales, Traductor _c/ |
| 264 | 1 |
_aMadrid, España : Paulinas _bEdiciones Paulinas, _c[1979] |
|
| 264 | 4 | _c©1979 | |
| 300 |
_a266 Pag _c; |
||
| 336 |
_atexto _btxt _2rdacontent |
||
| 337 |
_2rdamedia _asin mediación _bn |
||
| 338 |
_2rdacarrier _avolumen _bnc |
||
| 500 | _aTítulo original : Was die Bibel Wunder nennt | ||
| 650 | 7 |
_aMilagros _91077 |
|
| 942 | _cBK | ||
| 945 | _ajohan1477 | ||
| 999 |
_c34540 _d34540 |
||